Ramakrishna : (Record no. 53597)

MARC details
000 -LEADER
fixed length control field 00937nam a22002537a 4500
008 - FIXED-LENGTH DATA ELEMENTS--GENERAL INFORMATION
fixed length control field 090225t xxu||||| |||| 00| 1 eng d
010 ## - LCCN (DPL NO)
LC control number ENG-102791
020 ## - INTERNATIONAL STANDARD BOOK NUMBER
Terms of availability 600.00
035 ## - SYSTEM CONTROL NUMBER
System control number EN-86324
037 ## - SOURCE OF ACQUISITION
Source of stock number/acquisition DBAD/PUB
040 ## - CATALOGING SOURCE
Original cataloging agency DPL
Language of cataloging English
100 ## - MAIN ENTRY--PERSONAL NAME
9 (RLIN) 29133
Personal name Chattopadhyaya, Rajagopal
245 ## - TITLE STATEMENT
Title Ramakrishna :
Statement of responsibility, etc by Rajagopal Chattopadhyaya
Remainder of title Kali's child and lover /
260 ## - PUBLICATION, DISTRIBUTION, ETC. (IMPRINT)
Place of publication, distribution, etc Calcutta
Name of publisher, distributor, etc Vyasdeb Chatarjee
Date of publication, distribution, etc 2010
270 ## - ADDRESS
Address BF -308,Salt lake
City Calcutta
Postal code 700064
300 ## - PHYSICAL DESCRIPTION
Extent x,390p.:
Dimensions 24cm (pbk)
Other physical details ill.
500 ## - GENERAL NOTE
General note Includes index
651 ## - SUBJECT ADDED ENTRY--GEOGRAPHIC NAME
9 (RLIN) 29134
651 ## - SUBJECT ADDED ENTRY--GEOGRAPHIC NAME
General subdivision
9 (RLIN) 614
700 ## - ADDED ENTRY--PERSONAL NAME
9 (RLIN) 29136
942 ## - ADDED ENTRY ELEMENTS (KOHA)
Source of classification or shelving scheme Dewey Decimal Classification
Item type English Books
Call number suffix CHA
Holdings
Withdrawn status Lost status Source of classification or shelving scheme Damaged status Not for loan Collection code Home library Current library Date acquired Source of acquisition Cost, normal purchase price Total Checkouts Full call number Barcode Date last seen Copy number Cost, replacement price Koha item type
    Dewey Decimal Classification   Not For Loan Non-fiction D.B.Act.Division D.B.Act.Division 04/07/2011 DBAD / PUB 600.00   CHA EN-86324 04/07/2011 1 600.00 English Books

© Delhi Public Library
Hit Counter
free hit counter